000 00351nam a2200133Ia 4500
008 230411s9999 xx 000 0 und d
041 _aeng
082 _aC/004/JAI/NEE/B06183
100 _aJain Pooja & Neelam Kumari
245 _aPV Introduction to Computers
260 _bS Vikas and Co
_aJalandhar
300 _a368p
999 _c156615
_d156615